02049nam a2200373 u 4500001000800000005001700008007001000025008004100035035001200076040001300088041000800101082000800109100004700117245010700164260004300271300004400314500015600358505009900514520065100613650002601264650002801290650003001318650001601348650001801364650001701382650008401399650005401483650002201537650002301559650003101582700004501613502001001658526000701668121147920260508070001.0co|||||||100817nuuuuuuuu spa  a1211479 ccomduadb aspa 4a79210aMaldonado Velez, Carlos Vladimir4auteaut10aDes-dibujos : una mirada del acontecimiento desde la danza contemporanea y las artes plasticas : datos aMedellín :b[sin publicador],c2010. a1 CD-ROM + 1 DVD (40 min.) : son., col. aPara facilitarle al usuario tanto el CD-ROM como el DVD, ambos iran ubicados en la coleccion de tesis digital del tercer piso de la Biblioteca Central.80tDes-dibujos : una mirada del acontecimiento desde la danza contemporanea y las artes plasticas3 aDes-dibujos es una propuesta que tiene una finalidad creativa con miras a la puesta en escena, pretende partir de las vivencias personales para acercarse a una mirada del acontecimiento. Cada experiencia formara nuevas para llegar a la propia; esto es lo importante, la extraccion segura del aprendizaje para desembocar en que lo vivido logra definir la experiencia partiendo del acontecer. Somos afectados por lo que hacemos, decimos y pensamos. Existimos y permanecemos como hombres en un sistema social, donde encontramos una variedad de formas creadas por las diferentes culturas de un civilizacion. Somos individuales, somos uno en todos. aDanza contemporánea 7aVestuario teatral2lemb aPuesta en escena (Teatro) aPerformance 7aPintura2lemb 7aDibujo2lemb 7aArtes plásticas6http://vocabularies.unesco.org/thesaurus/concept3462unescot aKlein, Yves, 1928-1962 - Critica e interpretacion aCuerpo en el arte aCuerpo en la danza aDeleuze, Gilles, 1925-199510aParra Díaz, Aníbal Ignacio4thseths b32c7 a32